Problémy spojené s výskumom kvality života

Guardado en:
Detalles Bibliográficos
Autor principal: Naščáková, Jana
Formato: Capítulo de libro
Lenguaje:eslovaco
inglés
Etiquetas: Agregar Etiqueta
Sin Etiquetas, Sea el primero en etiquetar este registro!

MARC

LEADER 00000nla a2200000 4500
001 0175660
005 20240502073010.4
041 0 |a slo 
041 0 |a eng 
044 |a SK 
245 1 0 |a Problémy spojené s výskumom kvality života  |c Jana Naščáková 
500 |a Abstrakt 
100 1 |a Naščáková, Jana